Cuba en Cifras 1981

Guardado en:
Detalles Bibliográficos
Formato: Libro
Lenguaje:español
Publicado: Habana Comité Estatal de Estadísticas 1981
Etiquetas: Agregar Etiqueta
Sin Etiquetas, Sea el primero en etiquetar este registro!

MARC

LEADER 00000nam a2200000 4500
001 c130920
005 20041019155250.9
041 0 |a spa 
044 |a CU 
245 1 0 |a Cuba en Cifras 1981 
264 1 |a Habana  |b Comité Estatal de Estadísticas  |c 1981 
300 |a 126 s.